Xử lý nước cấp cho sinh hoạt và công nghiệp

Wedi'i Gadw mewn:
Manylion Llyfryddiaeth
Prif Awdur: Trịnh, Xuân Lai
Fformat: Llyfr
Iaith:Undetermined
Cyhoeddwyd: Hà Nội Xây dựng 2004
Pynciau:
Tagiau: Ychwanegu Tag
Dim Tagiau, Byddwch y cyntaf i dagio'r cofnod hwn!
Thư viện lưu trữ: Trung tâm Học liệu Trường Đại học Cần Thơ
LEADER 00596nam a2200205Ia 4500
001 CTU_96079
008 210402s9999 xx 000 0 und d
020 |c 68000 
082 |a 628.162 
082 |b L103 
100 |a Trịnh, Xuân Lai 
245 0 |a Xử lý nước cấp cho sinh hoạt và công nghiệp 
245 0 |c Trịnh Xuân Lai 
260 |a Hà Nội 
260 |b Xây dựng 
260 |c 2004 
650 |a Water,Water supply,Water 
650 |x Purification,Filtration 
904 |i Tuyến 
980 |a Trung tâm Học liệu Trường Đại học Cần Thơ